000 01044nac a22003257a 4500
001 BR7500264
003 BR-BrBNA
005 20240105113830.0
008 230509b bl.|||m| |||| 00| 0 por d
040 _aBR-BrBNA
_bpor
_cBiblioteca Nacional de Agricultura
072 _aF00; E15
090 _a0430 BR7500264
110 1 _aSecretaria da Agricultura, Curitiba, PR (Brasil). Depto. de Economia Rural
_98370
245 1 _aRelatorio da situacao das culturas, 2. quinzena de outubro. Algodao, arroz, cafe, feijao, milho, soja e trigo [Parana, Brasil]
260 3 _aCuritiba, PR (Brasil):
_c1974.
300 _a4 p.
490 _aRelatorio da Situacao das Culturas - Secretaria da Agricultura. Depto. de Economia Rural (Brazil)
_v
_x
650 _aMILHO
650 _aSOJA
650 _aTRIGO
650 _aALGODAO
650 _aARROZ
650 _aCAFE
650 _aFEIJAO
650 _aSAFRA
650 _aCUSTO DE PRODUCAO
650 _aPARANA
909 _a202312
_bLúcia Elande
_c55
_dLúcia Elande
942 _2AGRIS
_n0
_cMS
999 _c265834
_d265834